[Event "Chessable Masters Final 8"]
[Site "chess24.com INT"]
[Date "2020.06.30"]
[Round "2.13"]
[White "Nepomniachtchi, I"]
[Black "Giri, A"]
[Result "1/2-1/2"]
[WhiteElo "2784"]
[BlackElo "2764"]
[EventDate "2020.06.25"]
[WhiteTitle "GM"]
[BlackTitle "GM"]
[WhiteFideId "4168119"]
[BlackFideId "24116068"]

1.c4 e5 2.Nc3 Nf6 3.Nf3 Nc6 4.d4 exd4 5.Nxd4 Bb4 6.g3 Bxc3+ 7.bxc3 Na5 8.
e4 O-O 9.f3 d6 10.h4 Be6 11.h5 h6 12.g4 Nd7 13.g5 hxg5 14.h6 g6 15.h7+ Kh8
16.Qc2 c5 17.Nb3 Nxc4 18.Qg2 Qf6 19.Bxc4 Bxc4 20.Bxg5 Qxc3+ 21.Bd2 Qf6 22.
Rc1 Ne5 23.Bc3 Bxb3 24.axb3 g5 25.Rd1 Qe7 26.f4 gxf4 27.Rg1 f6 28.Rxd6 
Nf3+ 29.Qxf3 Qxd6 30.Qg4 Qe7 31.e5 fxe5 32.Qh5 Rae8 33.Rg5 Qxh7 34.Qg4 
Qb1+ 35.Kf2 Qc2+ 36.Kg1 Qb1+ 37.Kf2 Qc2+ 38.Kg1 Qb1+ 39.Kf2 1/2-1/2

[Event "Chessable Masters Final 8"]
[Site "chess24.com INT"]
[Date "2020.06.30"]
[Round "2.15"]
[White "Carlsen, M"]
[Black "Ding Liren"]
[Result "1/2-1/2"]
[WhiteElo "2863"]
[BlackElo "2791"]
[EventDate "2020.06.25"]
[WhiteTitle "GM"]
[BlackTitle "GM"]
[WhiteFideId "1503014"]
[BlackFideId "8603677"]

1.Nf3 d5 2.d4 Nf6 3.c4 e6 4.Nc3 Bb4 5.Qa4+ Nc6 6.Bd2 O-O 7.a3 Bxc3 8.Bxc3 
Bd7 9.Qb3 dxc4 10.Qxc4 Ne7 11.e3 Bc6 12.Be2 Bd5 13.Qa4 Ne4 14.Rc1 Ng6 15.
O-O c6 16.Qc2 f5 17.Rfd1 Nh4 18.Bb4 Nxf3+ 19.Bxf3 Rf6 20.Bxe4 fxe4 21.a4 
Rg6 22.Qe2 Qg5 23.Qf1 Rd8 24.Kh1 Rd7 25.a5 a6 26.Qg1 Rh6 27.h3 Qd8 28.Qh2 
Rf6 29.Rd2 h6 30.Ra1 Kh7 31.Bc5 Rf5 32.Bb6 Qe7 33.Kg1 Bc4 34.Rc2 Bd5 35.
Bc5 Qd8 36.b4 Qc7 37.Qxc7 Rxc7 38.Bd6 Rcf7 39.Be5 h5 40.h4 g5 41.hxg5 Rxg5
42.Kh2 Rgf5 43.Bf4 Rg7 44.Rh1 Rg4 45.Kg1 Kg6 46.Kf1 h4 47.Rh3 Kf7 48.f3 
Rgxf4 49.exf4 Rxf4 50.Rd2 e3 51.Rc2 Rxd4 52.Ke2 Rxb4 53.Kxe3 Kf6 54.Rh1 e5
55.Re2 Kf5 56.Kf2 Kf6 57.Rhe1 e4 58.fxe4 Be6 59.e5+ Kf5 60.Re3 Rb2+ 61.
R1e2 Rb5 62.Rf3+ Kg5 63.Rf6 Bg4 64.Re1 Rxa5 65.Rd6 Ra2+ 66.Kg1 Re2 67.Rxe2
Bxe2 68.Rd7 b5 69.Rc7 Kf5 70.Rxc6 Kxe5 71.Rxa6 Kd4 72.Kf2 Bc4 73.Rh6 Kc3 
74.Rxh4 b4 75.Rh1 b3 76.Rc1+ Kd3 77.g4 b2 78.Rb1 Kc2 79.Rxb2+ Kxb2 80.g5 
Kc3 81.g6 Kd4 82.g7 Ke5 83.g8=Q Bxg8 1/2-1/2

[Event "Chessable Masters Final 8"]
[Site "chess24.com INT"]
[Date "2020.06.30"]
[Round "2.13"]
[White "Carlsen, M"]
[Black "Ding Liren"]
[Result "1/2-1/2"]
[WhiteElo "2863"]
[BlackElo "2791"]
[EventDate "2020.06.25"]
[WhiteTitle "GM"]
[BlackTitle "GM"]
[WhiteFideId "1503014"]
[BlackFideId "8603677"]

1.d4 Nf6 2.c4 g6 3.Nc3 d5 4.cxd5 Nxd5 5.e4 Nxc3 6.bxc3 Bg7 7.Be3 c5 8.Rc1 
Qa5 9.Qd2 cxd4 10.cxd4 Qxd2+ 11.Bxd2 O-O 12.Nf3 Bg4 13.Be3 Nc6 14.d5 Bxf3 
15.gxf3 Nd4 16.Bh3 f5 17.Rc7 Nxf3+ 18.Ke2 Nd4+ 19.Bxd4 Bxd4 20.exf5 gxf5 
21.Rg1+ Kh8 22.Rxe7 Rae8 23.Re6 Rxe6+ 24.dxe6 Rf6 25.Kd3 Bxf2 26.Rf1 Bc5 
27.Bxf5 Kg7 28.Ke4 Rh6 29.h3 Rh4+ 30.Kd5 b6 31.Bg4 h5 32.Rf7+ Kg6 33.Bf5+ 
Kg5 34.Be4 Rxh3 35.e7 Bxe7 36.Rxe7 Ra3 37.Ke5 Rxa2 38.Rg7+ Kh4 39.Kf4 Kh3 
40.Rg1 b5 41.Rh1+ Rh2 42.Rb1 a6 43.Rb3+ Kh4 44.Ra3 Rf2+ 45.Bf3 Kh3 46.Rxa6
Rf1 47.Ra2 h4 48.Rb2 b4 49.Rxb4 Rg1 50.Rb3 Rf1 51.Kg5 Rf2 52.Bd5+ Kh2 53.
Kxh4 Rf4+ 54.Kg5 Rd4 55.Rb2+ Kg1 56.Kf5 Rxd5+ 57.Ke4 Rg5 58.Kf3 Rf5+ 59.
Kg4 Rf8 60.Kg3 Rg8+ 61.Kf3 Rf8+ 62.Kg3 Rg8+ 63.Kf3 Rf8+ 64.Kg3 1/2-1/2

[Event "Chessable Masters Final 8"]
[Site "chess24.com INT"]
[Date "2020.06.30"]
[Round "2.14"]
[White "Giri, A"]
[Black "Nepomniachtchi, I"]
[Result "1-0"]
[WhiteElo "2764"]
[BlackElo "2784"]
[EventDate "2020.06.25"]
[WhiteTitle "GM"]
[BlackTitle "GM"]
[WhiteFideId "24116068"]
[BlackFideId "4168119"]

1.d4 d6 2.e4 g6 3.Nf3 Nf6 4.Nc3 Bg7 5.Be3 c6 6.Qd2 Qa5 7.Bd3 Bg4 8.Ng1 e5 
9.h3 Be6 10.Nf3 h6 11.O-O Nbd7 12.a4 Qc7 13.a5 g5 14.Qe2 g4 15.hxg4 Bxg4 
16.Nb1 Nh5 17.c3 Rg8 18.Nbd2 O-O-O 19.Qe1 Bf6 20.Kh1 Bg5 21.Nh2 Bxe3 22.
Qxe3 Nf4 23.Bc4 d5 24.dxe5 Nxg2 25.Qxa7 Bh3 26.Rg1 Nf4 27.a6 Nxe5 28.axb7+
Kd7 29.exd5 Rxg1+ 30.Rxg1 Rb8 31.Qd4 Nxc4 32.Nxc4 cxd5 33.Ne5+ Ke6 34.Qxf4
Qxe5 35.Qxh6+ 1-0

[Event "Chessable Masters Final 8"]
[Site "chess24.com INT"]
[Date "2020.06.30"]
[Round "2.14"]
[White "Ding Liren"]
[Black "Carlsen, M"]
[Result "1/2-1/2"]
[WhiteElo "2791"]
[BlackElo "2863"]
[EventDate "2020.06.25"]
[WhiteTitle "GM"]
[BlackTitle "GM"]
[WhiteFideId "8603677"]
[BlackFideId "1503014"]

1.c4 Nf6 2.Nf3 g6 3.Nc3 Bg7 4.e4 d6 5.d4 O-O 6.Be2 e5 7.O-O exd4 8.Nxd4 
Re8 9.f3 c6 10.Kh1 d5 11.cxd5 cxd5 12.Bg5 Nc6 13.Bb5 h6 14.Nxc6 bxc6 15.
Bxc6 hxg5 16.Bxa8 d4 17.Nd5 Ba6 18.Bc6 Re6 19.Rc1 Bxf1 20.Qxf1 g4 21.Nf4 
Re7 22.Nd3 gxf3 23.Qxf3 Nd7 24.Bd5 Ne5 25.Nxe5 Bxe5 26.g3 Kg7 27.Kg2 Rc7 
28.Rc4 d3 29.Qxd3 Rxc4 30.Qxc4 Bxb2 31.Bxf7 Qd2+ 32.Kh3 Qh6+ 33.Kg2 Qd2+ 
34.Kh3 Qh6+ 35.Kg2 Qd2+ 1/2-1/2

[Event "Chessable Masters Final 8"]
[Site "chess24.com INT"]
[Date "2020.06.30"]
[Round "2.11"]
[White "Carlsen, M"]
[Black "Ding Liren"]
[Result "1-0"]
[WhiteElo "2863"]
[BlackElo "2791"]
[EventDate "2020.06.25"]
[WhiteTitle "GM"]
[BlackTitle "GM"]
[WhiteFideId "1503014"]
[BlackFideId "8603677"]

1.d4 Nf6 2.c4 e6 3.Nf3 d5 4.Nc3 Bb4 5.Bg5 h6 6.Bxf6 Qxf6 7.Qb3 c5 8.cxd5 
exd5 9.e3 O-O 10.dxc5 Bxc3+ 11.Qxc3 Qxc3+ 12.bxc3 Nd7 13.Rd1 Nf6 14.Nd4 
Bd7 15.f3 Rfc8 16.Nb3 Ba4 17.Rd4 Bxb3 18.axb3 Rxc5 19.Kd2 Ra5 20.Bd3 Nd7 
21.Kc1 Rc5 22.Kb2 Re8 23.Re1 Ne5 24.b4 Nxd3+ 25.Rxd3 Rb5 26.Kb3 Kf8 27.Ra1
a6 28.Ra5 Rxa5 29.bxa5 Re5 30.Kb4 Ke7 31.f4 Re4+ 32.Kc5 Ra4 33.Kb6 Ke6 34.
Rd4 Ra3 35.e4 Rb3+ 36.Kc7 dxe4 37.Rxe4+ Kf5 38.Rb4 Rxc3+ 39.Kxb7 Rc2 40.g3
Rxh2 41.Kxa6 Kg4 42.Rb3 Ra2 43.Kb6 1-0

[Event "Chessable Masters Final 8"]
[Site "chess24.com INT"]
[Date "2020.06.28"]
[Round "1.23"]
[White "Giri, A"]
[Black "Grischuk, A"]
[Result "1/2-1/2"]
[WhiteElo "2764"]
[BlackElo "2777"]
[EventDate "2020.06.25"]
[WhiteTitle "GM"]
[BlackTitle "GM"]
[WhiteFideId "24116068"]
[BlackFideId "4126025"]

1.e4 c6 2.d4 d5 3.exd5 cxd5 4.c4 Nf6 5.Nc3 Nc6 6.Nf3 a6 7.cxd5 Nxd5 8.Bc4 
Be6 9.Bb3 Nxc3 10.bxc3 Bxb3 11.axb3 e6 12.Bg5 Be7 13.Bxe7 Qxe7 14.O-O O-O 
15.Re1 Rfd8 16.Re4 Qc7 17.Qe2 h6 18.h3 b5 19.c4 bxc4 20.bxc4 a5 21.Qc2 Nb4
22.Qc3 Rdc8 23.Nd2 Nd5 24.Qc2 Qd8 25.Re5 Nb4 26.Qc3 Nc6 27.Re4 a4 28.Nf3 
Qa5 29.Qxa5 Nxa5 30.Rxa4 Nxc4 31.Rxa8 Rxa8 32.Re1 Rd8 33.h4 g6 34.g3 Kg7 
35.Kg2 Nd6 36.Rb1 Rd7 37.Rb4 Nf5 38.Ra4 Rd5 39.Ra7 Nxd4 40.Nxd4 Rxd4 41.
Rb7 Kf6 42.Ra7 e5 43.Ra6+ Kf5 44.Ra7 Ke6 45.Ra6+ Rd6 46.Ra8 f5 47.Rh8 h5 
48.Ra8 e4 49.Ra5 Kf6 50.Ra8 Rd2 51.Kf1 Rd7 52.Ra6+ Kg7 53.Ke2 Rb7 54.Kf1 
Kf7 55.Kg2 Re7 56.Rb6 Re6 57.Rb8 Kf6 58.Ra8 Rd6 59.Rb8 Ke5 60.Rb4 Rd7 61.
Ra4 Rg7 62.Ra5+ Kd4 63.Ra4+ Kc5 64.Ra5+ Kd4 65.Ra4+ Ke5 66.Ra5+ Kf6 67.
Ra6+ Kf7 68.f3 Rg8 69.fxe4 fxe4 70.Kf2 Rb8 71.Ra4 Rb2+ 72.Kf1 Rb3 73.Kg2 
e3 74.Re4 Kf6 75.Kf3 e2+ 76.Kf2 Kf5 77.Rxe2 Kg4 78.Re6 Rf3+ 79.Ke2 Rxg3 
80.Rxg6+ Kxh4 81.Rxg3 Kxg3 82.Kf1 h4 83.Kg1 h3 84.Kh1 h2 1/2-1/2

[Event "Chessable Masters Final 8"]
[Site "chess24.com INT"]
[Date "2020.06.28"]
[Round "1.21"]
[White "Giri, A"]
[Black "Grischuk, A"]
[Result "1/2-1/2"]
[WhiteElo "2764"]
[BlackElo "2777"]
[EventDate "2020.06.25"]
[WhiteTitle "GM"]
[BlackTitle "GM"]
[WhiteFideId "24116068"]
[BlackFideId "4126025"]

1.Nf3 d5 2.g3 g6 3.Bg2 Bg7 4.d4 Nf6 5.c4 c6 6.b3 O-O 7.Bb2 Bf5 8.O-O Nbd7 
9.cxd5 cxd5 10.Nc3 Rc8 11.Rc1 a6 12.e3 Bg4 13.h3 Bxf3 14.Bxf3 e6 15.Qd2 
Qe7 16.Nb1 Rfd8 17.Rxc8 Rxc8 18.Rc1 Qd8 19.Rxc8 Qxc8 20.Qc3 Qb8 21.Nd2 Bf8
22.Kg2 Bd6 23.Be2 Qf8 24.Qc2 Ba3 25.Ba1 Bb4 26.Nf3 Qd8 27.Bd3 Bd6 28.Ne5 
Qc7 29.Qxc7 Bxc7 30.g4 Kf8 31.f3 Ke8 32.Kf2 h5 33.Bc3 hxg4 34.hxg4 Nxe5 
35.dxe5 Nd7 36.f4 Nc5 37.Ke2 Nxd3 38.Kxd3 Kd7 39.Bd4 Kc6 40.Kc2 Bd8 41.g5 
Be7 42.a4 Bb4 43.Kd3 Be7 44.Kc2 Bb4 45.Kd3 Be7 46.Kc2 Bb4 1/2-1/2

[Event "Chessable Masters Final 8"]
[Site "chess24.com INT"]
[Date "2020.06.27"]
[Round "1.23"]
[White "Caruana, F"]
[Black "Carlsen, M"]
[Result "0-1"]
[WhiteElo "2835"]
[BlackElo "2863"]
[EventDate "2020.06.25"]
[WhiteTitle "GM"]
[BlackTitle "GM"]
[WhiteFideId "2020009"]
[BlackFideId "1503014"]

1.d4 Nf6 2.c4 e6 3.Nc3 Bb4 4.f3 d5 5.a3 Bxc3+ 6.bxc3 c5 7.cxd5 Nxd5 8.dxc5
Qa5 9.e4 Nf6 10.Be3 O-O 11.a4 Nfd7 12.Kf2 Nxc5 13.Qd6 b6 14.Bb5 Bd7 15.Ne2
Bxb5 16.Bxc5 bxc5 17.Qxc5 Nd7 18.Qxb5 Qc7 19.Rhd1 Ne5 20.f4 Ng4+ 21.Kf3 
Nf6 22.Qe5 Qe7 23.Rd4 Rac8 24.Rb1 Rfd8 25.Rxd8+ Qxd8 26.Qd4 Qc7 27.Rd1 h6 
28.g4 Re8 29.Qd6 Qc4 30.Qb4 Qc8 31.Ng3 e5 32.f5 Rd8 33.Rxd8+ Qxd8 34.Ke2 
Nxg4 35.Nf1 a5 36.Qb5 Qh4 37.Nd2 Qxh2+ 38.Kd3 Qg3+ 39.Kc2 Ne3+ 40.Kb3 Qe1 
41.Qd3 Qd1+ 42.Ka2 Qxa4+ 43.Kb2 Ng4 44.Nb3 Nf6 45.Nc5 Qc6 46.Qd8+ Kh7 47.
Qe7 Qb5+ 48.Kc2 a4 49.Qxe5 a3 50.Nd3 Qa4+ 0-1

[Event "Chessable Masters Final 8"]
[Site "chess24.com INT"]
[Date "2020.06.27"]
[Round "1.22"]
[White "Carlsen, M"]
[Black "Caruana, F"]
[Result "1-0"]
[WhiteElo "2863"]
[BlackElo "2835"]
[EventDate "2020.06.25"]
[WhiteTitle "GM"]
[BlackTitle "GM"]
[WhiteFideId "1503014"]
[BlackFideId "2020009"]

1.d4 Nf6 2.c4 e6 3.Nf3 c5 4.e3 d5 5.cxd5 exd5 6.Bb5+ Bd7 7.Bxd7+ Qxd7 8.
O-O Nc6 9.b3 cxd4 10.Nxd4 Nxd4 11.Qxd4 Bd6 12.Bb2 O-O 13.Nc3 Rfe8 14.Nxd5 
Bxh2+ 15.Kxh2 Qxd5 16.Qxd5 Nxd5 17.Rfd1 Red8 18.Rac1 f6 19.Rd4 Ne7 20.Rc7 
Nf5 21.Rg4 h5 22.Rg6 Re8 23.Bxf6 Re6 24.e4 Rxe4 25.Rg5 Rh4+ 26.Kg1 Re8 27.
g3 Rg4 28.Rxf5 gxf6 29.Rxb7 h4 30.Rf4 Rxf4 31.gxf4 Ra8 32.Kg2 a5 33.Kh3 a4
34.Kxh4 axb3 35.axb3 Ra5 36.Kg4 Rd5 37.b4 Kf8 38.b5 Ke8 39.f5 Kf8 40.b6 
Rb5 41.f3 Ke8 42.f4 Kf8 43.Kh5 Rxf5+ 44.Kg6 Rxf4 45.Rc7 1-0

[Event "Chessable Masters Final 8"]
[Site "chess24.com INT"]
[Date "2020.06.27"]
[Round "1.21"]
[White "Artemiev, V"]
[Black "Nepomniachtchi, I"]
[Result "1/2-1/2"]
[WhiteElo "2716"]
[BlackElo "2784"]
[EventDate "2020.06.25"]
[WhiteTitle "GM"]
[BlackTitle "GM"]
[WhiteFideId "24101605"]
[BlackFideId "4168119"]

1.d4 Nf6 2.Bg5 d5 3.e3 c5 4.Bxf6 gxf6 5.c4 dxc4 6.Bxc4 cxd4 7.exd4 Bg7 8.
Nc3 Nc6 9.Nge2 O-O 10.O-O Bg4 11.d5 Ne5 12.Bb3 Rc8 13.h3 Bd7 14.Ng3 Qb6 
15.Qh5 Qd4 16.Bc2 Ng6 17.Bf5 Rfd8 18.Bxd7 Rxd7 19.Nf5 Qd2 20.Qg4 Rcd8 21.
h4 Qf4 22.Qh3 e6 23.dxe6 fxe6 24.Nxg7 Kxg7 25.Qxe6 Qxh4 26.Rad1 Rxd1 27.
Rxd1 Rxd1+ 28.Nxd1 Qd4 29.Ne3 Qxb2 30.Nf5+ Kf8 31.g3 Qe5 32.Qc8+ Kf7 33.
Qd7+ Ne7 34.Nd6+ Kg7 35.a4 b6 36.Nc8 Kf8 37.Nd6 Kg7 38.Kf1 Qa1+ 39.Kg2 Qe5
40.Kf1 Qa1+ 41.Kg2 Qe5 42.g4 h5 43.gxh5 Qd5+ 44.Kg1 Qd1+ 45.Kg2 Qd5+ 46.f3
Qg5+ 47.Qg4 Nd5 48.Kg3 Ne3 49.Qxg5+ fxg5 50.f4 Kh6 51.fxg5+ Kxg5 52.Nc8 
Kxh5 53.Nxa7 Nd5 54.Nc8 Nc3 55.Nxb6 Nxa4 56.Nxa4 1/2-1/2

[Event "Chessable Masters Final 8"]
[Site "chess24.com INT"]
[Date "2020.06.26"]
[Round "1.17"]
[White "Grischuk, A"]
[Black "Giri, A"]
[Result "1/2-1/2"]
[WhiteElo "2777"]
[BlackElo "2764"]
[EventDate "2020.06.25"]
[WhiteTitle "GM"]
[BlackTitle "GM"]
[WhiteFideId "4126025"]
[BlackFideId "24116068"]

1.c4 e5 2.d3 Bb4+ 3.Nd2 c5 4.g3 Nc6 5.Bg2 Nge7 6.Nf3 O-O 7.O-O Ba5 8.Ne4 
d6 9.Bd2 Bxd2 10.Nfxd2 b6 11.Nc3 Be6 12.Nd5 Rc8 13.a3 Qd7 14.b4 cxb4 15.
Nxb4 d5 16.Rc1 Nxb4 17.axb4 Rfd8 18.Qe1 f6 19.h4 Bh3 20.Ra1 Bxg2 21.Kxg2 
dxc4 22.Nxc4 e4 23.Rd1 exd3 24.exd3 Nf5 25.Kh2 Nd4 26.Qe4 Re8 27.Qg2 Re2 
28.Rfe1 Rce8 29.Rxe2 Rxe2 30.Ne3 h5 31.Kg1 Rb2 32.Ra1 Kh7 33.Qe4+ f5 34.
Qd5 Qxd5 35.Nxd5 Nc6 36.Nf4 Rxb4 37.Rc1 Nd4 38.Rc7 Kh6 39.Rc8 Kh7 40.Rc7 
Kh6 41.Rxa7 Nf3+ 42.Kg2 Nxh4+ 43.Kf1 Ng6 44.Ne6 f4 45.Kg2 fxg3 46.fxg3 h4 
47.gxh4 Nf4+ 48.Nxf4 Rxf4 49.Re7 Rxh4 50.Kf3 Rd4 51.Ke3 Rd8 52.d4 Kg6 53.
Ke4 Kf6 54.Rb7 Rd6 55.d5 g5 56.Rh7 Rd8 57.Rh6+ Ke7 58.Rxb6 Kd7 59.Rg6 Re8+
60.Kd4 Re1 61.Rg7+ Kd6 62.Rg6+ Kd7 63.Rxg5 Rd1+ 64.Ke5 Re1+ 65.Kd4 Rd1+ 
66.Kc5 Rc1+ 67.Kb5 Rd1 68.Rg6 Rxd5+ 69.Kc4 Rd6 70.Rg7+ Kc6 71.Rg4 Re6 72.
Kc3 Kd6 73.Rd4+ Ke5 74.Ra4 Rd6 75.Kc4 Rd5 76.Kc3 Rc5+ 77.Kd3 Rd5+ 78.Ke3 
Kf5 79.Rf4+ Ke6 80.Rf8 Re5+ 81.Kf4 Rd5 82.Re8+ Kd7 83.Ke4 Rd6 84.Ra8 Re6+ 
85.Kf5 Rc6 86.Ra7+ Rc7 87.Ra5 Kd6 88.Re5 Rc6 89.Re6+ Kd5 90.Re3 Kd6 91.Kf4
Rc4+ 92.Kf3 Rc5 93.Rd3+ Rd5 94.Ra3 Ke5 95.Ra6 Rd4 96.Ra3 Rd5 97.Re3+ Kd6 
98.Re2 Re5 99.Kf2 Rxe2+ 100.Kxe2 1/2-1/2

[Event "Chessable Masters Final 8"]
[Site "chess24.com INT"]
[Date "2020.06.26"]
[Round "1.16"]
[White "Giri, A"]
[Black "Grischuk, A"]
[Result "1/2-1/2"]
[WhiteElo "2764"]
[BlackElo "2777"]
[EventDate "2020.06.25"]
[WhiteTitle "GM"]
[BlackTitle "GM"]
[WhiteFideId "24116068"]
[BlackFideId "4126025"]

1.e4 c6 2.d4 d5 3.exd5 cxd5 4.c4 Nf6 5.Nc3 e6 6.Nf3 Bb4 7.cxd5 Nxd5 8.Bd2 
O-O 9.Bd3 Nc6 10.O-O Nf6 11.Bg5 Be7 12.a3 h6 13.Bf4 Bd6 14.Be5 b6 15.Bxf6 
Qxf6 16.Be4 Bb7 17.Qa4 Rfc8 18.Rad1 Na5 19.Bxb7 Nxb7 20.Rfe1 a6 21.d5 Nc5 
22.Qg4 Rd8 23.dxe6 Nxe6 24.g3 Bc5 25.Kg2 Rxd1 26.Rxd1 Rd8 27.Ne4 Qe7 28.
Rxd8+ Qxd8 29.Nxc5 Nxc5 30.Qc4 a5 31.b4 axb4 32.axb4 Ne6 33.Qe4 g6 34.h4 
h5 35.Ne5 Qd6 36.Nf3 Kg7 37.Qc4 Kg8 38.Qc8+ Kg7 39.Qc3+ Kg8 40.Qc8+ Kg7 
41.Qc4 Kg8 42.Qc8+ 1/2-1/2

[Event "Chessable Masters Final 8"]
[Site "chess24.com INT"]
[Date "2020.06.26"]
[Round "1.14"]
[White "Giri, A"]
[Black "Grischuk, A"]
[Result "1/2-1/2"]
[WhiteElo "2764"]
[BlackElo "2777"]
[EventDate "2020.06.25"]
[WhiteTitle "GM"]
[BlackTitle "GM"]
[WhiteFideId "24116068"]
[BlackFideId "4126025"]

1.e4 e5 2.Nf3 Nc6 3.Bb5 a6 4.Ba4 Nf6 5.O-O Bc5 6.c3 b5 7.Bb3 d6 8.a4 Rb8 
9.d4 Bb6 10.Qd3 O-O 11.Bg5 h6 12.Bxf6 Qxf6 13.axb5 axb5 14.Qxb5 Ne7 15.
dxe5 Qf4 16.Kh1 Qxe4 17.exd6 cxd6 18.Nbd2 Qf5 19.Qxf5 Bxf5 20.Kg1 d5 21.
Rfe1 Rb7 22.c4 Rd8 23.h3 g6 24.cxd5 Nxd5 25.Bxd5 Rxd5 26.Nc4 Bc5 27.Rac1 
Kg7 28.Re5 Be6 29.Rxd5 Bxd5 30.Ncd2 Be7 31.b3 Bxf3 32.Nxf3 Rxb3 33.Rd1 Bc5
34.Rc1 Be7 35.Rd1 Bc5 36.Rc1 Be7 1/2-1/2

[Event "Chessable Masters Final 8"]
[Site "chess24.com INT"]
[Date "2020.06.26"]
[Round "1.12"]
[White "Giri, A"]
[Black "Grischuk, A"]
[Result "1/2-1/2"]
[WhiteElo "2764"]
[BlackElo "2777"]
[EventDate "2020.06.25"]
[WhiteTitle "GM"]
[BlackTitle "GM"]
[WhiteFideId "24116068"]
[BlackFideId "4126025"]

1.e4 e5 2.Nf3 Nc6 3.Bc4 Bc5 4.O-O Nf6 5.d3 d6 6.c3 O-O 7.Re1 Bb6 8.h3 Ne7 
9.Nbd2 c6 10.Bb3 Ng6 11.Nf1 d5 12.Bg5 h6 13.Bxf6 Qxf6 14.exd5 Rd8 15.Ne3 
a5 16.d4 exd4 17.cxd4 Nf4 18.dxc6 bxc6 19.Ng4 Bxg4 20.hxg4 Bxd4 21.Nxd4 
Rxd4 22.Qf3 Rd2 23.Rad1 Rad8 24.Rxd2 Rxd2 25.Qe3 Rd8 26.Qe7 Nd5 27.Qxf6 
Nxf6 28.f3 Kf8 29.Rc1 Rd4 30.Rxc6 a4 31.Rc4 Rxc4 32.Bxc4 Ke7 33.Kf2 Nd7 
34.Ke3 f6 35.Bb5 Nc5 36.a3 Kd6 37.Kd4 Ne6+ 38.Kc4 Nf4 39.Bxa4 Nxg2 40.Kd4 
g6 41.Be8 Nh4 42.f4 f5 43.gxf5 Nxf5+ 44.Ke4 Ne7 45.b4 g5 46.fxg5 hxg5 47.
Bh5 Nd5 48.Kd4 Nf6 49.Bf3 g4 50.Bg2 Nh5 51.Ke4 Ng3+ 52.Kf4 Ne2+ 53.Kxg4 
Nd4 54.Be4 Nb5 55.a4 Nc3 56.Bc2 Nd5 57.b5 Ne3+ 58.Kf4 Nxc2 59.b6 1/2-1/2

[Event "Chessable Masters Final 8"]
[Site "chess24.com INT"]
[Date "2020.06.26"]
[Round "1.11"]
[White "Grischuk, A"]
[Black "Giri, A"]
[Result "1/2-1/2"]
[WhiteElo "2777"]
[BlackElo "2764"]
[EventDate "2020.06.25"]
[WhiteTitle "GM"]
[BlackTitle "GM"]
[WhiteFideId "4126025"]
[BlackFideId "24116068"]

1.e4 e5 2.Nc3 Nf6 3.Bc4 Nc6 4.d3 Bb4 5.Nf3 d5 6.exd5 Nxd5 7.O-O Bxc3 8.
bxc3 O-O 9.Qe1 Re8 10.Ng5 Bf5 11.f3 Na5 12.Bb3 Nxb3 13.axb3 Bg6 14.Kh1 a5 
15.Bd2 b6 16.Qg3 f6 17.Nh3 Qd7 18.Nf2 a4 19.c4 Ne7 20.bxa4 Rxa4 21.Ne4 
Rea8 22.Rac1 Rd8 23.h3 Nf5 24.Qf2 Nd4 25.Be3 Ne6 26.Nc3 Ra3 27.Nb5 Ra2 28.
Nc3 Ra3 29.Nb5 Ra2 30.Nc3 Ra3 1/2-1/2

[Event "Chessable Masters Final 8"]
[Site "chess24.com INT"]
[Date "2020.06.25"]
[Round "1.13"]
[White "Carlsen, M"]
[Black "Caruana, F"]
[Result "1/2-1/2"]
[WhiteElo "2863"]
[BlackElo "2835"]
[EventDate "2020.06.25"]
[WhiteTitle "GM"]
[BlackTitle "GM"]
[WhiteFideId "1503014"]
[BlackFideId "2020009"]

1.e4 c5 2.Nf3 d6 3.Bb5+ Nc6 4.O-O Bd7 5.Re1 Nf6 6.h3 a6 7.Bf1 g5 8.d4 g4 
9.d5 gxf3 10.dxc6 Bxc6 11.Qxf3 Nd7 12.Nc3 e6 13.Qg3 Qe7 14.Nd5 Bxd5 15.
exd5 e5 16.b4 cxb4 17.Rb1 a5 18.a3 f5 19.axb4 a4 20.Bb5 Bg7 21.Ra1 O-O 22.
Rxa4 Rac8 23.Ra7 Nf6 24.c4 Kh8 25.Qg5 Qc7 26.Qxf5 Nxd5 27.Qd7 Qxd7 28.Bxd7
Rxc4 29.Be6 Rd4 30.Bxd5 Rxd5 31.Rxb7 Rd3 32.Be3 d5 33.Bc5 Rc8 34.b5 e4 35.
b6 Rc3 36.Rxg7 R3xc5 37.Rd7 Rb5 38.b7 Rb8 39.Rd1 R8xb7 40.Rxb7 Rxb7 41.
Rxd5 Kg7 42.Re5 Rb4 43.g4 Kf6 44.Rh5 Rb7 45.Kg2 Re7 46.Kf1 Kg6 47.Ke2 Rf7 
48.Re5 Rf4 49.Re6+ Kg5 50.Re5+ Kg6 51.Re6+ Kg5 52.Re5+ Kg6 1/2-1/2

[Event "Chessable Masters Final 8"]
[Site "chess24.com INT"]
[Date "2020.06.25"]
[Round "1.12"]
[White "Artemiev, V"]
[Black "Nepomniachtchi, I"]
[Result "1/2-1/2"]
[WhiteElo "2716"]
[BlackElo "2784"]
[EventDate "2020.06.25"]
[WhiteTitle "GM"]
[BlackTitle "GM"]
[WhiteFideId "24101605"]
[BlackFideId "4168119"]

1.Nf3 c5 2.c4 Nc6 3.Nc3 Nf6 4.e3 g6 5.d4 cxd4 6.exd4 d5 7.cxd5 Nxd5 8.Bc4 
Nxc3 9.bxc3 Bg7 10.O-O O-O 11.Re1 Bg4 12.Bg5 Qc7 13.h3 Bxf3 14.Qxf3 Nxd4 
15.cxd4 Qxc4 16.Bxe7 Rfe8 17.Rad1 Qc7 18.Qa3 b5 19.d5 a5 20.d6 Qd7 21.Qc5 
Rac8 22.Qd5 Bf8 23.Bxf8 Kxf8 24.Re5 Rxe5 25.Qxe5 Kg8 26.Re1 Qe6 27.Qxe6 
fxe6 28.Re5 Rc1+ 29.Kh2 Rd1 30.Rxb5 Rxd6 31.Rxa5 Kg7 32.Kg3 Kf6 33.Kf4 h5 
34.Ke3 e5 35.h4 Rd1 36.a4 Re1+ 37.Kd3 Rd1+ 38.Ke2 Ra1 39.Ra8 Ra2+ 40.Ke3 
Kf5 41.a5 Ra3+ 42.Kd2 Kg4 43.Ra6 Kxh4 44.Rxg6 Rxa5 45.Ke3 Ra3+ 46.Ke4 Ra4+
47.Kxe5 Re4+ 48.Kd6 Rd4+ 49.Ke7 Rd7+ 50.Ke6 Rd6+ 51.Kf7 Rd7+ 52.Kg8 Rg7+ 
53.Kxg7 1/2-1/2

[Event "Chessable Masters Final 8"]
[Site "chess24.com INT"]
[Date "2020.06.25"]
[Round "1.11"]
[White "Nepomniachtchi, I"]
[Black "Artemiev, V"]
[Result "1-0"]
[WhiteElo "2784"]
[BlackElo "2716"]
[EventDate "2020.06.25"]
[WhiteTitle "GM"]
[BlackTitle "GM"]
[WhiteFideId "4168119"]
[BlackFideId "24101605"]

1.e4 e5 2.Nf3 Nc6 3.Bb5 g6 4.c3 a6 5.Ba4 d6 6.d4 Bd7 7.O-O Bg7 8.h3 Nf6 9.
Re1 O-O 10.Nbd2 Re8 11.d5 Ne7 12.Bc2 Bh6 13.Nf1 Bxc1 14.Qxc1 Kg7 15.Ng3 a5
16.c4 Qb8 17.b3 Qa7 18.Bd3 Qc5 19.a3 c6 20.dxc6 bxc6 21.Qd2 Be6 22.b4 axb4
23.axb4 Qb6 24.Bf1 Qc7 25.Qc3 Nd7 26.Rad1 f6 27.Rd2 c5 28.b5 Nb6 29.Red1 
Red8 30.Be2 Rd7 31.Nf1 Nec8 32.Ne3 Qb8 33.Nh4 Ra4 34.Bg4 Bxg4 35.hxg4 Qa8 
36.g5 fxg5 37.Nhf5+ gxf5 38.Nxf5+ Kg8 39.Qg3 Qxe4 40.Qxg5+ Kf7 41.Rd3 Ra1 
42.Rxa1 Qxd3 43.Ra3 Qxa3 44.Nh6+ Ke8 45.Qg8+ Ke7 46.Qg5+ Ke6 47.Qf5+ 1-0

[Event "Chessable Masters Final 8"]
[Site "chess24.com INT"]
[Date "2020.06.25"]
[Round "1.11"]
[White "Carlsen, M"]
[Black "Caruana, F"]
[Result "1-0"]
[WhiteElo "2863"]
[BlackElo "2835"]
[EventDate "2020.06.25"]
[WhiteTitle "GM"]
[BlackTitle "GM"]
[WhiteFideId "1503014"]
[BlackFideId "2020009"]

1.d4 Nf6 2.c4 e6 3.Nf3 d5 4.Nc3 a6 5.cxd5 exd5 6.Bg5 Be6 7.e3 Nbd7 8.h3 
Bd6 9.Bd3 c6 10.Bf4 Qc7 11.Bxd6 Qxd6 12.O-O O-O 13.Qb3 Rab8 14.a4 Rfe8 15.
Qa3 Qc7 16.Rfc1 Nb6 17.b4 Ra8 18.a5 Nc8 19.b5 axb5 20.Nxb5 Qd8 21.Nc3 Nd6 
22.Qb4 Qe7 23.a6 bxa6 24.Rxa6 Rxa6 25.Bxa6 Ra8 26.Bf1 Nc8 27.Qb2 Nd7 28.
Ne2 Rb8 29.Qc3 Rb6 30.Qa5 Qd6 31.Nf4 Ne7 32.Nxe6 fxe6 33.Ne5 Rb8 34.Qa7 
Nxe5 35.dxe5 Qd8 36.Be2 Kh8 37.Bg4 Ng6 38.f4 Ra8 39.Qc5 Qe8 40.Qxc6 Qxc6 
41.Rxc6 d4 42.exd4 Nxf4 43.g3 Nd3 44.Bxe6 Ra1+ 45.Kg2 g6 46.Bc4 Nb4 47.
Rc8+ Kg7 48.d5 1-0